<?xml version="1.0" encoding="UTF-8"?>
<record
    xmlns:xsi="http://www.w3.org/2001/XMLSchema-instance"
    xsi:schemaLocation="http://www.loc.gov/MARC21/slim http://www.loc.gov/standards/marcxml/schema/MARC21slim.xsd"
    xmlns="http://www.loc.gov/MARC21/slim">

  <leader>00576nam a22001817a 4500</leader>
  <controlfield tag="005">20260205105828.0</controlfield>
  <controlfield tag="008">260205b        |||||||| |||| 00| 0 eng d</controlfield>
  <datafield tag="020" ind1=" " ind2=" ">
    <subfield code="a">978-1-84901-878-4</subfield>
  </datafield>
  <datafield tag="050" ind1=" " ind2=" ">
    <subfield code="a">BF 575 .W 8 K 46 2014</subfield>
  </datafield>
  <datafield tag="100" ind1=" " ind2=" ">
    <subfield code="a">KENNERLEY HELEN</subfield>
  </datafield>
  <datafield tag="245" ind1=" " ind2=" ">
    <subfield code="a">OVERCOMING ANXIETY: A SELF-HELP GUIDE TO USING COGNITIVE BEHAVIORAL TECHNIQUES</subfield>
  </datafield>
  <datafield tag="250" ind1=" " ind2=" ">
    <subfield code="a">2</subfield>
  </datafield>
  <datafield tag="260" ind1=" " ind2=" ">
    <subfield code="a">LONDON, </subfield>
    <subfield code="b">ROBINSON PUBLISHING LTD,</subfield>
    <subfield code="c">1997,</subfield>
  </datafield>
  <datafield tag="300" ind1=" " ind2=" ">
    <subfield code="a">XVi, 399 P, ILL</subfield>
  </datafield>
  <datafield tag="500" ind1=" " ind2=" ">
    <subfield code="a">INCLUDES BIBLIOGRAPHICAL REFERENCES AND INDEX</subfield>
  </datafield>
  <datafield tag="650" ind1=" " ind2=" ">
    <subfield code="a">1. WORRY 2. FEAR 3. ANXIETY</subfield>
  </datafield>
  <datafield tag="942" ind1=" " ind2=" ">
    <subfield code="2">lcc</subfield>
    <subfield code="c">BK</subfield>
  </datafield>
  <datafield tag="999" ind1=" " ind2=" ">
    <subfield code="c">216553</subfield>
    <subfield code="d">216553</subfield>
  </datafield>
  <datafield tag="952" ind1=" " ind2=" ">
    <subfield code="0">0</subfield>
    <subfield code="1">0</subfield>
    <subfield code="2">lcc</subfield>
    <subfield code="4">0</subfield>
    <subfield code="6">BF0475 W8 K46  02014</subfield>
    <subfield code="7">0</subfield>
    <subfield code="8">ARTS</subfield>
    <subfield code="9">375048</subfield>
    <subfield code="a">KSUL</subfield>
    <subfield code="b">KSUL</subfield>
    <subfield code="c">DISPLAY</subfield>
    <subfield code="d">2026-02-05</subfield>
    <subfield code="i">111468</subfield>
    <subfield code="l">0</subfield>
    <subfield code="o">BF 475 . W 8 K 46 2014</subfield>
    <subfield code="p">50761</subfield>
    <subfield code="r">2026-02-05 11:06:40</subfield>
    <subfield code="t">1</subfield>
    <subfield code="w">2026-02-05</subfield>
    <subfield code="y">BK</subfield>
  </datafield>
  <datafield tag="952" ind1=" " ind2=" ">
    <subfield code="0">0</subfield>
    <subfield code="1">0</subfield>
    <subfield code="2">lcc</subfield>
    <subfield code="4">0</subfield>
    <subfield code="6">BF0575 W8 K46  02014</subfield>
    <subfield code="7">0</subfield>
    <subfield code="8">ARTS</subfield>
    <subfield code="9">375051</subfield>
    <subfield code="a">KSUL</subfield>
    <subfield code="b">KSUL</subfield>
    <subfield code="c">DISPLAY</subfield>
    <subfield code="d">2026-02-05</subfield>
    <subfield code="i">111469</subfield>
    <subfield code="l">0</subfield>
    <subfield code="o">BF 575 .W 8 K 46 2014</subfield>
    <subfield code="p">50762</subfield>
    <subfield code="r">2026-02-05 11:09:01</subfield>
    <subfield code="t">2</subfield>
    <subfield code="w">2026-02-05</subfield>
    <subfield code="y">BK</subfield>
  </datafield>
  <datafield tag="952" ind1=" " ind2=" ">
    <subfield code="0">0</subfield>
    <subfield code="1">0</subfield>
    <subfield code="2">lcc</subfield>
    <subfield code="4">0</subfield>
    <subfield code="6">BF0575 W8 K46  02014</subfield>
    <subfield code="7">0</subfield>
    <subfield code="8">ARTS</subfield>
    <subfield code="9">375054</subfield>
    <subfield code="a">KSUL</subfield>
    <subfield code="b">KSUL</subfield>
    <subfield code="c">DISPLAY</subfield>
    <subfield code="d">2026-02-05</subfield>
    <subfield code="i">111470</subfield>
    <subfield code="l">0</subfield>
    <subfield code="o">BF 575 .W 8 K 46 2014</subfield>
    <subfield code="p">50842</subfield>
    <subfield code="r">2026-02-05 11:09:00</subfield>
    <subfield code="t">3</subfield>
    <subfield code="w">2026-02-05</subfield>
    <subfield code="y">BK</subfield>
  </datafield>
  <datafield tag="952" ind1=" " ind2=" ">
    <subfield code="0">0</subfield>
    <subfield code="1">0</subfield>
    <subfield code="2">lcc</subfield>
    <subfield code="4">0</subfield>
    <subfield code="6">BF0575 W8 K46  02014</subfield>
    <subfield code="7">0</subfield>
    <subfield code="8">ARTS</subfield>
    <subfield code="9">375055</subfield>
    <subfield code="a">KSUL</subfield>
    <subfield code="b">KSUL</subfield>
    <subfield code="c">DISPLAY</subfield>
    <subfield code="d">2026-02-05</subfield>
    <subfield code="i">111471</subfield>
    <subfield code="l">0</subfield>
    <subfield code="o">BF 575 .W 8 K 46 2014</subfield>
    <subfield code="p">50829</subfield>
    <subfield code="r">2026-02-05 11:09:00</subfield>
    <subfield code="t">4</subfield>
    <subfield code="w">2026-02-05</subfield>
    <subfield code="y">BK</subfield>
  </datafield>
  <datafield tag="952" ind1=" " ind2=" ">
    <subfield code="0">0</subfield>
    <subfield code="1">0</subfield>
    <subfield code="2">lcc</subfield>
    <subfield code="4">0</subfield>
    <subfield code="6">BF0575 W8 K46  02014</subfield>
    <subfield code="7">0</subfield>
    <subfield code="8">ARTS</subfield>
    <subfield code="9">375060</subfield>
    <subfield code="a">KSUL</subfield>
    <subfield code="b">KSUL</subfield>
    <subfield code="c">DISPLAY</subfield>
    <subfield code="d">2026-02-05</subfield>
    <subfield code="i">111472</subfield>
    <subfield code="l">0</subfield>
    <subfield code="o">BF 575 .W 8 K 46 2014</subfield>
    <subfield code="p">50837</subfield>
    <subfield code="r">2026-02-05 11:09:00</subfield>
    <subfield code="t">5</subfield>
    <subfield code="w">2026-02-05</subfield>
    <subfield code="y">BK</subfield>
  </datafield>
</record>
